• 首页
  • 本馆介绍
  • 公告通知
  • 最新文献
  • 馆藏检索
  • 电子资源
  • 读者导购
  • 参考咨询
  • 我的图书馆
  • 登录
  • 详细信息显示
  • 放入我的书架
  • 预约/预借图书
  • 作者相关作品
  • 分类相关作品
  • 丛书相关作品
  • 出版社相关作品

书目信息

  • 表格格式
  • 工作单格式
  • 卡片格式
题名:
城市化背景下我国城乡居民信息消费研究
    
 
作者: 王子敏 , 陈立梅 , 李婵娟 著
分册:  
出版信息: 北京   光明日报出版社  2020.04
页数: 273页
开本: 24cm
丛书名: 光明社科文库
单 册:
中图分类: F126.1
科图分类:
主题词: 居民--信息消费--研究--中国
电子资源:
ISBN: 978-7-5194-5696-2
000 01043nam0 2200277 450
001 0120203041375
005 20201019152956.70
010    @a978-7-5194-5696-2@b精装@dCNY95.00
100    @a20200730d2020 em y0chiy50 ea
101 0  @achi
102    @aCN@b110000
105    @aak z 000yy
106    @ar
200 1  @a城市化背景下我国城乡居民信息消费研究@9cheng shi hua bei jing xia wo guo cheng xiang ju min xin xi xiao fei yan jiu@b专著@f王子敏,陈立梅,李婵娟著
210    @a北京@c光明日报出版社@d2020.04
215    @a273页@c图@d24cm
225 1  @a光明社科文库
330    @a本书是第一本从城市化的背景下基于城乡视角研究我国居民信息消费的专著。内容包括:信息消费;城乡成民信息消费现状与关系;城市化与城乡居民信息消费等。
333    @a信息消费研究人员
606 0  @a居民@x信息消费@x研究@y中国
690    @aF126.1@v5
701  0 @a王子敏@9wang zi min@f(1981-)@4著
701  0 @a陈立梅@9chen li mei@f(1975-)@4著
701  0 @a李婵娟@9li chan juan@f(1986-)@4著
801  0 @aCN@b人天书店@c20200730
905    @b1289835-38@dF126.1@e371@f4
    
    城市化背景下我国城乡居民信息消费研究/王子敏,陈立梅,李婵娟著.-北京:光明日报出版社,2020.04
    273页:图;24cm.-(光明社科文库)
    使用对象:信息消费研究人员
    
    ISBN 978-7-5194-5696-2(精装):CNY95.00
    本书是第一本从城市化的背景下基于城乡视角研究我国居民信息消费的专著。内容包括:信息消费;城乡成民信息消费现状与关系;城市化与城乡居民信息消费等。
●
相关链接 在E读中查询图书 在五车中查询图书 在当当中查询图书 在豆瓣中查询图书


正题名:城市化背景下我国城乡居民信息消费研究     索取号:F126.1/371         预约/预借

序号 登录号 条形码 馆藏地/架位号 状态 备注
1 1289835   212898355   第一样本阅览室/ [索取号:F126.1/371] 在馆    
2 1289836   212898364   第一借阅区/ [索取号:F126.1/371] 在馆    
3 1289837   212898373   第一借阅区/ [索取号:F126.1/371] 在馆    
4 1289838   212898382   第一借阅区/ [索取号:F126.1/371] 在馆    
唐山师范学院图书馆 欢迎您!
大连网信软件有限公司© 版权所有